000
00278nam a2200145Ia 4500
100
_a
Seth/M.L
650
_a
Economics
942
_c
BK
654
_a
money
245
_a
Money
260
_b
Lakshmi Narain
_c
2002
082
_a
332.1
_b
SET
300
_a
675
546
_a
ENGLISH
999
_c
30532
_d
30532